Profitability and product quality: economic determinants of airline safety perfomance.

Štúdia prieskumu a výberu bezpečnostných prostriedkov v leteckom priemysle. Úloha finančných podmienok pri zabezpečovaní ochrany v letectve. Vzťah medzi znižovaním výnosov a zvyšovaním nehôd z ekonomického pohľadu. Model leteckej bezpečnosti a jeho funkcie. Pohľad do histórie leteckých nehôd.

Enregistré dans:
Détails bibliographiques
Auteur principal: Rose, N.L
Format: Chapitre de livre
Langue:anglais
Sujets:
Tags: Ajouter un tag
Pas de tags, Soyez le premier à ajouter un tag!

MARC

LEADER 00000naa a2200000 4500
001 r008066
005 20220819194537.1
041 0 |a eng 
044 |a GB 
245 1 0 |a Profitability and product quality: economic determinants of airline safety perfomance.  |c N.L. Rose 
520 |a Štúdia prieskumu a výberu bezpečnostných prostriedkov v leteckom priemysle. Úloha finančných podmienok pri zabezpečovaní ochrany v letectve. Vzťah medzi znižovaním výnosov a zvyšovaním nehôd z ekonomického pohľadu. Model leteckej bezpečnosti a jeho funkcie. Pohľad do histórie leteckých nehôd. 
610 2 0 |a priemysel letecký 
610 2 0 |a bezpečnosť dopravy 
610 2 0 |a nehody dopravné 
610 2 0 |a výnosy podnikové 
610 2 0 |a produkcia 
610 2 0 |a údaje štatistické 
610 2 0 |a kvalita výrobkov 
100 1 |a Rose, N.L.